01082nam a2200289Ia 450000500170000000800410001702000180005804000350007604100080011110000300011924501170014925000230026626400300028930000520031933600270037133700330039833800280043149000830045953400220054265000280056465000390059265000390063165000280067070000330069870000490073108400120078020220317002002.0200115s2019 ck 000 0 spa d a9789585444720 aCO-BoRNBPbspaerdacCO-BoRNBP0 aspa1 aGaribal, Alexandraeautor10aPerro callejero cAlexandra Garibal ; ilustración Fred Benaglia ; traducción de Virginia López Ballesteros aEdición especial 1aBogotá bRichmondc2019 a[27] páginas bilustraciones en color c21 cm 2rdacontentatextobtxt 2rdamediaasin mediaciónbn 2rdacarrieravolumenbnc0 aPlan Nacional de Lectura y Escritura Leer es mi Cuento / Ministerio de Cultura tChien des villes.17aAutores franceses2LEMB17aCuentos infantiles franceses2LEMB17aLiteratura infantil francesa2LEMB17aPerros 2LEMBvCuentos1 aBenaglia, Fred eilustrador 1 aLópez Ballesteros, Virginiaetraducción  aC GAR39